| 000 | 00986nam a2200241 a 4500 | ||
|---|---|---|---|
| 001 | 48650 | ||
| 003 | BD-RjUL | ||
| 005 | 20220313105844.0 | ||
| 008 | 160810s1987 bg a|||| |||| 00| p ben d | ||
| 035 | _a(BD-RjUL)48769 | ||
| 040 |
_aBD-RjUL _bben _cBD-RjUL |
||
| 041 | _aben | ||
| 082 |
_223 _a811 _bFRR 1987 |
||
| 100 | 1 |
_aফ্রস্ট, রবার্ট _9145001 |
|
| 245 | 1 | 0 |
_aরবার্ট ফ্রস্টের নির্বাচিত কবিতা / _cরবার্ট ফ্রস্ট; অনুবাদ শামসুর রাহমান |
| 250 | _a৩য় সং | ||
| 260 |
_aঢাকা : _bবাংলা একাডেমী, _c১৯৮৭ |
||
| 300 |
_a[২১], ১৬৮ পৃ. : _bচিত্র ; _c২১ সেমি. |
||
| 650 |
_aআমেরিকান কবিতা _9145002 |
||
| 650 |
_aAmerican Poem _9145003 |
||
| 700 |
_a রাহমান, শামসুর, অনুবাদক _91840 |
||
| 942 |
_2ddc _cBK |
||
| 999 |
_c48650 _d48650 |
||